Medalistki Mistrzostw Świata w piłce nożnej kobiet - Statystyki

Ogólne statystyki
  • Ten quiz został rozwiązany 37 razy
    27 od ostatniego zresetowania
  • Średni wynik to 7 z 32
Statystyki odpowiedzi
Rok Gospodarz Miejsce Reprezentacje % Poprawnych
1991 Chiny 1. Stany Zjednoczone
100%
1999 Stany Zjednoczone 1. Stany Zjednoczone
40%
1995 Szwecja 3. Stany Zjednoczone
35%
3. Stany Zjednoczone
35%
2007 Chiny 3. Stany Zjednoczone
35%
2019 Francja 1. Stany Zjednoczone
35%
1991 2. Norwegia
30%
2011 Niemcy 2. Stany Zjednoczone
30%
2015 Kanada 1. Stany Zjednoczone
30%
1991 Chiny 3. Szwecja
30%
2. Szwecja
25%
1999 Stany Zjednoczone 3. Brazylia
20%
2007 Chiny 2. Brazylia
20%
1995 Szwecja 2. Niemcy
20%
2003 Stany Zjednoczone 1. Niemcy
20%
2011 Niemcy 3. Szwecja
20%
2019 Francja 3. Szwecja
20%
2019 Francja 2. Holandia
15%
4. Kanada
15%
1991 Chiny 4. Niemcy
15%
2007 Chiny 1. Niemcy
15%
2015 Kanada 4. Niemcy
15%
1995 Szwecja 1. Norwegia
15%
1999 Stany Zjednoczone 4. Norwegia
15%
2007 Chiny 4. Norwegia
15%
2015 Kanada 3. Anglia
10%
2019 Francja 4. Anglia
10%
1995 Szwecja 4. Chiny
10%
1999 Stany Zjednoczone 2. Chiny
10%
2011 Niemcy 4. Francja
5%
2011 Niemcy 1. Japonia
5%
2015 Kanada 2. Japonia
5%
Nie znaleziono quizów pasujących do podanych kryteriów
Rozkład punktacji
Procent ludzi z każdym wynikiem
Percentyl według liczby udzielonych odpowiedzi
Twoja historia wyników
Nie rozwiązałeś tego quizu od ostatniego zresetowania